000 00289nam a2200109Ia 4500
008 200302s9999 xx 000 0 und d
100 _aHarry Parker M. S.
245 _aSimplified Engineering for Architects and Builders
260 _bJohn Wiley & Sons Inc.
260 _c1967
300 _a361 P.,
999 _c20
_d20